Colonial New Jersey : a history /

Bibliographic Details
Main Author: Pomfret, John E. (John Edwin), 1898-1981
Format: Book
Language:English
Published: New York : Scribner, [1973]
Series:History of the American colonies.
Subjects:

MARC

Tag First Indicator Second Indicator Subfields
LEADER 00000cam a2200000 a 4500
001 in00000087424
005 20151008062943.0
008 731129s1973 nyua b 00110 engm
010 |a  72001228  
020 |a 0684133717 
035 |a (OCoLC)00743426 
035 |9 AAK1274AM 
040 |a DLC  |c DLC  |d m.c.  |d TXA  |d UtOrBLW 
043 |a n-us-nj 
049 |a TXAM  |c [1387739] 
050 0 0 |a F137  |b  P717 1973 
082 0 |a 974.9/02 
100 1 |a Pomfret, John E.  |q (John Edwin),  |d 1898-1981. 
245 1 0 |a Colonial New Jersey :  |b a history /  |c John E. Pomfret. 
264 1 |a New York :  |b Scribner,  |c [1973] 
264 4 |c ©1973 
300 |a xix, 327 pages :  |b illustrations ;  |c 24 cm. 
336 |a text  |b txt  |2 rdacontent 
337 |a unmediated  |b n  |2 rdamedia 
338 |a volume  |b nc  |2 rdacarrier 
490 1 |a A History of the American colonies 
500 |a Includes index. 
504 |a Bibliography: pages 300-319. 
651 0 |a New Jersey  |x History  |y Colonial period, ca. 1600-1775. 
830 0 |a History of the American colonies. 
999 |a MARS 
999 f f |s 504f79ce-c018-3455-8d86-df10f32081c2  |i 001ebb4b-1236-33f3-8477-b1858fa5b737  |t 0 
952 f f |p ric  |a Texas A&M University  |b Rellis Campus  |c Joint Library Facility  |d Remote Storage  |t 0  |e F137 P717 1973  |h Library of Congress classification  |i unmediated -- volume  |m A14805980707 
998 f f |a F137 P717 1973  |t 0  |l Remote Storage